Encyclopedia of Religion. (Record no. 6231)

MARC details
000 -LEADER
fixed length control field 00980nam a2200253 a 4500
020 ## - INTERNATIONAL STANDARD BOOK NUMBER
ISBN 0024801
082 00 - DEWEY DECIMAL CLASSIFICATION NUMBER
Classification number 291.03
Author Cutter ELI
100 ## - MAIN ENTRY--AUTHOR NAME
Author name Eliade, Mircea
245 ## - TITLE STATEMENT
Title Encyclopedia of Religion.
260 ## - PUBLICATION, DISTRIBUTION, ETC. (IMPRINT)
Place of publication New York
Name of publisher Free Press
Year of publication 1987
300 ## - PHYSICAL DESCRIPTION
Number of Pages 570p
500 ## - GENERAL NOTE
General note includes index and biblioraphy
505 2# - FORMATTED CONTENTS NOTE
Formatted contents note Biblio, Indexes
505 2# - FORMATTED CONTENTS NOTE
Formatted contents note Biblio, Indexes00
650 ## - SUBJECT ADDED ENTRY--TOPICAL TERM
Topical Term Religion-Encyclopedia
942 ## - ADDED ENTRY ELEMENTS (KOHA)
Koha item type Books
700 1# -
-- Eliade, Mircea
Holdings
Collection code Home library Current library Shelving location Date acquired Cost, normal purchase price Full call number Accession Number Koha item type
Reference Henry Martyn Institute Library Henry Martyn Institute Library Reference 08/30/2018 100.00 200 ELI V1 012988 Books
Reference Henry Martyn Institute Library Henry Martyn Institute Library Reference 08/30/2018 100.00 200 ELI V2 012989 Books
Reference Henry Martyn Institute Library Henry Martyn Institute Library Reference 08/30/2018 100.00 200 ELI V3 012990 Books
Reference Henry Martyn Institute Library Henry Martyn Institute Library Reference 08/30/2018 100.00 200 ELI V4 012991 Books
Reference Henry Martyn Institute Library Henry Martyn Institute Library Reference 08/30/2018 100.00 200 ELI V5 012992 Books
Reference Henry Martyn Institute Library Henry Martyn Institute Library Reference 08/30/2018 100.00 200 ELI V6 012993 Books
Reference Henry Martyn Institute Library Henry Martyn Institute Library Reference 08/30/2018 100.00 200 ELI V7 012994 Books
Reference Henry Martyn Institute Library Henry Martyn Institute Library Reference 08/30/2018 100.00 200 ELI V8 012995 Books
Reference Henry Martyn Institute Library Henry Martyn Institute Library Reference 08/30/2018 100.00 200 ELI V9 012996 Books
Reference Henry Martyn Institute Library Henry Martyn Institute Library Reference   100.00 200 ELI V10 012997 Books
Reference Henry Martyn Institute Library Henry Martyn Institute Library Reference   100.00 200 ELI V11 012998 Books
Reference Henry Martyn Institute Library Henry Martyn Institute Library Reference   100.00 200 ELI V12 012999 Books
Reference Henry Martyn Institute Library Henry Martyn Institute Library Reference 08/30/2018 100.00 200 ELI V13 013000 Books
Reference Henry Martyn Institute Library Henry Martyn Institute Library Reference 08/30/2018 100.00 200 ELI V14 013001 Books
Reference Henry Martyn Institute Library Henry Martyn Institute Library Reference   100.00 200 ELI V15 013002 Books
Reference Henry Martyn Institute Library Henry Martyn Institute Library Reference 08/30/2018   200 ELI V16 013003 Books
                   Copyright © 2026 | Henry Martyn Institute | Hyderabad | TS-500052 | INDIA | Implemented by hmi.edu.in
Hit-Count:

Powered by Koha